Panta, Prasāda aura Maithilīśaraṇa. (Record no. 73124)
[ view plain ]
| 000 -LEADER | |
|---|---|
| fixed length control field | 00672cam a22002411 4500 |
| 001 - CONTROL NUMBER | |
| control field | sa 67002211 |
| 003 - CONTROL NUMBER IDENTIFIER | |
| control field | DLC |
| 005 - DATE AND TIME OF LATEST TRANSACTION | |
| control field | 20260227112329.0 |
| 008 - FIXED-LENGTH DATA ELEMENTS--GENERAL INFORMATION | |
| fixed length control field | 900116s1965 ii 000 0 hino |
| 010 ## - LIBRARY OF CONGRESS CONTROL NUMBER | |
| LC control number | sa 67002211 |
| 035 ## - SYSTEM CONTROL NUMBER | |
| System control number | (OCoLC)20908411 |
| 040 ## - CATALOGING SOURCE | |
| Original cataloging agency | DLC |
| Transcribing agency | WaU |
| Modifying agency | DLC |
| 042 ## - AUTHENTICATION CODE | |
| Authentication code | premarc |
| 050 00 - LIBRARY OF CONGRESS CALL NUMBER | |
| Classification number | PK2098.D53 |
| Item number | P28 1965 |
| 100 1# - MAIN ENTRY--PERSONAL NAME | |
| Personal name | Dinkar, Ramdhari Sinha, |
| Dates associated with a name | 1908-1974. |
| 245 10 - TITLE STATEMENT | |
| Title | Panta, Prasāda aura Maithilīśaraṇa. |
| 260 ## - PUBLICATION, DISTRIBUTION, ETC. | |
| Date of publication, distribution, etc. | [1965] |
| 300 ## - PHYSICAL DESCRIPTION | |
| Extent | 144 p. |
| Dimensions | 22 cm. |
| 546 ## - LANGUAGE NOTE | |
| Language note | In Hindi. |
| 600 10 - SUBJECT ADDED ENTRY--PERSONAL NAME | |
| Personal name | Gupta, Maithili Sarana, |
| Dates associated with a name | 1886-1964. |
| 600 10 - SUBJECT ADDED ENTRY--PERSONAL NAME | |
| Personal name | Panta, Sumitrānandana, |
| Dates associated with a name | 1900-1977. |
| 600 10 - SUBJECT ADDED ENTRY--PERSONAL NAME | |
| Personal name | Prasad, Jai Shankar, |
| Dates associated with a name | 1889-1937. |
No items available.